[Event "Copenhagen Ch"]
[Site "Copenhagen"]
[Date "2000.01.23"]
[Round "3"]
[White "Nilssen, John Arni"]
[Black "Larsen, Karsten"]
[Result "1-0"]
[WhiteElo "2339"]
[BlackElo "2294"]
[PlyCount "63"]
[EventDate "2000.01.21"]
[EventCountry "DEN"]

1. d4 Nf6 2. c4 g6 3. Nc3 Bg7 4. e4 d6 5. Be2 O-O 6. Bg5 c5 7. d5 b5 8. cxb5 a6
9. a4 Qa5 10. Bd2 Qb4 11. f3 Nfd7 12. Qc2 Qa5 13. Ra3 Qd8 14. f4 axb5 15. axb5
Nb6 16. Nf3 Bb7 17. O-O N8d7 18. Be3 e6 19. dxe6 fxe6 20. Ng5 Qf6 21. Rxa8 Bxa8
22. Bg4 e5 23. Ne6 Re8 24. f5 Nf8 25. Bg5 Qf7 26. Qe2 Nbd7 27. fxg6 Qxg6 28.
Bf5 Qxe6 29. Bxe6+ Nxe6 30. Qh5 Rf8 31. Be7 Nf4 32. Qd1 1-0

[Event "Copenhagen Ch"]
[Site "Copenhagen"]
[Date "2000.01.29"]
[Round "9"]
[White "Nilssen, John Arni"]
[Black "Sorensen, Torben N"]
[Result "0-1"]
[WhiteElo "2339"]
[BlackElo "2319"]
[PlyCount "38"]
[EventDate "2000.01.21"]
[EventCountry "DEN"]

1. d4 d5 2. c4 dxc4 3. Nf3 Nf6 4. e3 e6 5. Bxc4 c5 6. O-O a6 7. e4 cxd4 8. e5
Nfd7 9. Qxd4 Nc6 10. Qe4 Qc7 11. Bf4 b5 12. Bb3 Nc5 13. Qe2 Bb7 14. Nbd2 Rd8
15. a3 Nd4 16. Nxd4 Rxd4 17. Qg4 Nd3 18. Bxe6 fxe6 19. Qxe6+ Qe7 0-1

[Event "Copenhagen Ch"]
[Site "Copenhagen"]
[Date "2000.01.25"]
[Round "5"]
[White "Nilssen, John Arni"]
[Black "Jakobsen, Ole"]
[Result "1/2-1/2"]
[WhiteElo "2339"]
[BlackElo "2402"]
[PlyCount "78"]
[EventDate "2000.01.21"]
[EventCountry "DEN"]

1. d4 d5 2. c4 e6 3. Nf3 Nf6 4. Nc3 Be7 5. Bf4 O-O 6. e3 Nbd7 7. h3 c5 8. cxd5
Nxd5 9. Nxd5 exd5 10. Be2 Nf6 11. dxc5 Bxc5 12. O-O Ne4 13. Rc1 Be6 14. Nd4 Qb6
15. Nb3 Bd6 16. Bxd6 Nxd6 17. Qd4 Rfc8 18. Rxc8+ Rxc8 19. Qxb6 axb6 20. Rc1 Nc4
21. Bxc4 dxc4 22. Nd4 Bd7 23. Kf1 b5 $11 24. a3 Kf8 25. Ke2 Ke7 26. Kd2 Kd6 27.
Kc3 Kc5 28. Rd1 Rc7 29. f3 Bc6 30. Nc2 Rc8 31. Rd4 g5 32. e4 h5 33. Ne3 Re8 34.
Nf5 g4 35. hxg4 hxg4 36. Nd6 Re7 37. Nf5 Re8 38. Nd6 Re7 39. Nf5 Re8 1/2-1/2

[Event "Copenhagen Ch"]
[Site "Copenhagen"]
[Date "2000.01.27"]
[Round "7"]
[White "Nilssen, John Arni"]
[Black "Hove, Esben Kjems"]
[Result "1/2-1/2"]
[WhiteElo "2339"]
[BlackElo "2270"]
[PlyCount "90"]
[EventDate "2000.01.21"]
[EventCountry "DEN"]

1. d4 c6 2. c4 Nf6 3. Nf3 d6 4. Nc3 Bg4 5. e4 Nbd7 6. Be2 e5 7. Be3 Be7 8. O-O
O-O 9. d5 c5 10. Ne1 Bxe2 11. Qxe2 Ne8 12. g3 g6 13. Nd3 Ng7 14. f4 Bf6 15. Kh1
exf4 16. gxf4 Re8 17. Qf3 Bxc3 18. bxc3 f5 19. e5 dxe5 20. fxe5 Nxe5 21. Nxe5
Rxe5 22. Bxc5 Rc8 23. Bxa7 Rxc4 24. Bd4 Re4 25. Bxg7 Kxg7 26. Rad1 Qd6 27. Rfe1
b5 28. Rxe4 Rxe4 29. Qd3 Rc4 30. Re1 Kf7 31. Rd1 Ke7 32. Qe3+ Kd8 33. Qa7 Ra4
34. Qxh7 Rxa2 35. Qh4+ Kd7 36. Qh7+ Kc8 37. Qh4 Rc2 38. Qh8+ Kd7 39. Qg7+ Qe7
40. Qxe7+ Kxe7 41. Rb1 Rxc3 42. Rxb5 Rc2 43. Rb6 g5 44. Re6+ Kf7 45. Rh6 Rd2
1/2-1/2

[Event "Copenhagen Ch"]
[Site "Copenhagen"]
[Date "2000.01.24"]
[Round "4"]
[White "Olsen, Heini"]
[Black "Larsen, Karsten"]
[Result "1/2-1/2"]
[WhiteElo "2289"]
[BlackElo "2294"]
[PlyCount "62"]
[EventDate "2000.01.21"]
[EventCountry "DEN"]

1. d4 Nf6 2. c4 g6 3. Nc3 Bg7 4. e4 d6 5. Nf3 O-O 6. Be2 e5 7. d5 a5 8. Bg5 h6
9. Bh4 Na6 10. Nd2 Nc5 11. O-O Bd7 12. Kh1 Qe8 13. b3 Nh7 14. a3 h5 15. f3 Bh6
16. Rb1 Kh8 17. Qc2 Be3 18. Nb5 Na6 19. Qc3 Bb6 20. b4 axb4 21. axb4 g5 22. Bf2
Bxf2 23. Rxf2 Qe7 24. Qd3 f5 25. exf5 Bxf5 26. Ne4 Nf6 27. Qe3 Nxe4 28. fxe4
Bg6 29. Rxf8+ Rxf8 30. Nc3 Qf6 31. c5 Nb8 $11 1/2-1/2

[Event "Copenhagen Ch"]
[Site "Copenhagen"]
[Date "2000.01.26"]
[Round "6"]
[White "Olsen, Heini"]
[Black "Jorgensen, Per Henrik Dorff"]
[Result "1-0"]
[WhiteElo "2289"]
[BlackElo "2300"]
[PlyCount "151"]
[EventDate "2000.01.21"]
[EventCountry "DEN"]

1. d4 Nf6 2. c4 g6 3. Nc3 Bg7 4. e4 d6 5. Nf3 O-O 6. Be2 e5 7. d5 a5 8. Bg5 h6
9. Bh4 Na6 10. Nd2 h5 11. Bg5 Qe8 12. f3 Nh7 13. Be3 f5 14. h4 f4 15. Bf2 Bd7
16. Nb3 b6 17. Qd2 g5 18. hxg5 Nxg5 19. O-O-O Qg6 20. Na1 Kf7 21. Nc2 Rh8 22.
Na3 Bf6 23. Rdg1 h4 24. Qe1 h3 25. gxh3 Rxh3 26. Rxh3 Bxh3 27. Nab5 Rg8 28. c5
Nxc5 29. Nxc7 Qh5 30. Qd1 Rc8 31. N7b5 Ke7 32. Na7 Rh8 33. Nc6+ Kf7 34. Nb5 Be7
35. Nxe7 Kxe7 36. Na7 Qh6 37. Nc6+ Kd7 38. Bxc5 bxc5 39. Qa4 Ke8 40. Nxe5+ Kf8
41. Qxa5 dxe5 42. Qd8+ Kf7 43. Qxg5 Qxg5 44. Rxg5 Kf6 45. Rg1 Bd7 46. Rg2 Rh1+
47. Bd1 Bh3 48. Rd2 Bd7 49. b3 Ke7 50. Kb2 Bb5 51. Bc2 Re1 52. Bd3 Bxd3 53.
Rxd3 Re2+ 54. Kc3 Rxa2 55. d6+ Kd7 56. Kc4 Kc6 57. Rd5 Kd7 58. Kxc5 Rc2+ 59.
Kb4 Rf2 60. Rd3 Rc2 61. Kb5 Rc1 62. b4 Rc2 63. Ka4 Rb2 64. Ka5 Kc6 65. Ka4 Kd7
66. b5 Rb1 67. Ka5 Rb2 68. Ka6 Rb1 69. b6 Kc6 70. Ka7 Ra1+ 71. Kb8 Kd7 72. b7
Ra2 73. Rc3 Ra1 74. Rc5 Ra3 75. Rxe5 Rxf3 76. Ka7 1-0

[Event "Copenhagen Ch"]
[Site "Copenhagen"]
[Date "2000.01.28"]
[Round "8"]
[White "Olsen, Heini"]
[Black "Jakobsen, Ole"]
[Result "1-0"]
[WhiteElo "2289"]
[BlackElo "2402"]
[PlyCount "81"]
[EventDate "2000.01.21"]
[EventCountry "DEN"]

1. d4 Nf6 2. c4 e6 3. Nf3 c5 4. d5 d6 5. Nc3 exd5 6. cxd5 g6 7. e4 a6 8. a4 Bg4
9. Be2 Bxf3 10. Bxf3 Nbd7 11. Bf4 Qe7 12. O-O Bg7 13. Re1 O-O 14. Qd2 Rfe8 15.
Be2 Qf8 16. Qc2 h5 17. Rad1 Bh6 18. Bg3 Rac8 19. Rf1 Qe7 20. Rde1 Nh7 21. h3
Bg7 22. f4 Bd4+ 23. Kh1 h4 24. Bh2 Nhf6 25. Bf3 Qf8 26. Ne2 Qg7 27. Nxd4 cxd4
28. Qd2 Rc4 29. e5 dxe5 30. fxe5 Nh7 31. b3 Rc3 32. Qxd4 Rxb3 33. Qc4 Rb2 34.
Qc7 Nhf8 35. Bg4 Nb6 36. e6 f6 37. e7 Nh7 38. Be6+ Kh8 39. d6 Ng5 40. d7 Nxd7
41. Bxd7 1-0

[Event "Copenhagen Ch"]
[Site "Copenhagen"]
[Date "2000.01.22"]
[Round "2"]
[White "Olsen, Heini"]
[Black "Nilssen, John Arni"]
[Result "1/2-1/2"]
[WhiteElo "2289"]
[BlackElo "2339"]
[PlyCount "20"]
[EventDate "2000.01.21"]
[EventCountry "DEN"]

1. d4 Nf6 2. c4 e6 3. g3 d5 4. Bg2 dxc4 5. Qa4+ Bd7 6. Qxc4 Nc6 7. Nf3 Na5 8.
Qd3 c5 9. O-O Bc6 10. Nc3 c4 1/2-1/2

[Event "Copenhagen Ch"]
[Site "Copenhagen"]
[Date "2000.01.25"]
[Round "5"]
[White "Sorensen, Torben N"]
[Black "Hove, Esben Kjems"]
[Result "1/2-1/2"]
[WhiteElo "2319"]
[BlackElo "2270"]
[PlyCount "163"]
[EventDate "2000.01.21"]
[EventCountry "DEN"]

1. e4 c6 2. d3 d5 3. Nd2 g6 4. g3 Bg7 5. Bg2 Na6 6. Ngf3 dxe4 7. dxe4 Nf6 8.
O-O O-O 9. Qe2 Nc5 10. e5 Nd5 11. Nb3 Nxb3 12. axb3 Bg4 13. h3 Bf5 14. Kh2 Qc7
15. Re1 c5 16. Nh4 Be6 17. f4 Nb4 18. c3 Nc6 19. Qb5 Qb6 20. Bxc6 bxc6 21. Qa5
Qxb3 22. Qxc5 Qc2+ 23. Kg1 Bxh3 24. Rxa7 Rxa7 25. Qxa7 f6 26. exf6 Bxf6 27. Qf2
Qxf2+ 28. Kxf2 e5 29. Nf3 exf4 30. Bxf4 g5 31. Bd6 Rf7 32. Re8+ Kg7 33. Ke3 Rb7
34. Ne5 Bxe5 35. Bxe5+ Kf7 36. Rh8 Ke6 37. Bd4 Rxb2 38. Rxh7 Bg2 39. g4 Rb5 40.
Rh6+ Kd5 41. Rh2 Bf1 42. Rf2 Bc4 43. Rf6 Rb1 44. Rg6 Re1+ 45. Kf3 Rf1+ 46. Kg3
Rf7 47. Rxg5+ Kd6 48. Rg6+ Kd7 49. Rh6 Bd5 50. g5 Rf5 51. g6 c5 52. Bh8 Ke8 53.
Bg7 Ke7 54. Kh4 Rf1 55. Kg5 Rg1+ 56. Kf4 Ke6 57. Bf8 Rf1+ 58. Ke3 Rf3+ 59. Kd2
c4 60. Bg7 Kf5 61. Rh5+ Kxg6 62. Rxd5 Kxg7 63. Rd4 Kf7 64. Rxc4 Ke6 65. Rd4 Rh3
66. Kc2 Rh7 67. Kb3 Rb7+ 68. Rb4 Rc7 69. Rb5 Kd6 70. Kb4 Rh7 71. Rb6+ Kc7 72.
Rg6 Rf7 73. Rh6 Rg7 74. c4 Rf7 75. Kb5 Rg7 76. c5 Rf7 77. Ra6 Kb8 78. Kb6 Rb7+
79. Kc6 Rh7 80. Ra4 Rh6+ 81. Kb5 Kb7 82. Rg4 1/2-1/2

[Event "Copenhagen Ch"]
[Site "Copenhagen"]
[Date "2000.01.21"]
[Round "1"]
[White "Sorensen, Torben N"]
[Black "Larsen, Karsten"]
[Result "1-0"]
[WhiteElo "2319"]
[BlackElo "2294"]
[PlyCount "93"]
[EventDate "2000.01.21"]
[EventCountry "DEN"]

1. Nf3 Nf6 2. c4 g6 3. g3 Bg7 4. Bg2 d6 5. O-O O-O 6. Nc3 e5 7. d3 Nc6 8. Rb1
h6 9. b4 Bg4 10. b5 Ne7 11. a4 Qd7 12. Re1 Bh3 13. Bh1 Ng4 14. Qb3 Kh7 15. Ba3
b6 16. Bb2 f5 17. a5 Rae8 18. Ra1 Ng8 19. Nd2 e4 20. dxe4 f4 21. Nf3 fxg3 22.
hxg3 N8f6 23. axb6 axb6 24. Ra7 Nxf2 25. Kxf2 Ng4+ 26. Kg1 Rxf3 27. Bxf3 Bd4+
28. Kh1 Nf2+ 29. Kh2 Bg4 30. Rxc7 Qxc7 31. Nd5 Qg7 32. Bxd4 Qxd4 33. Qc3 Qxc3
34. Nxc3 Be6 35. Kg2 Ng4 36. Bxg4 Bxg4 37. Ra1 Be6 38. Ra7+ Kg8 39. Rc7 g5 40.
Na4 Bg4 41. Nxb6 Rxe4 42. Nd5 Rxe2+ 43. Kf1 Bf3 44. b6 Rb2 45. b7 Be2+ 46. Ke1
Bxc4 47. Ne3 1-0

[Event "Copenhagen Ch"]
[Site "Copenhagen"]
[Date "2000.01.27"]
[Round "7"]
[White "Sorensen, Torben N"]
[Black "Olsen, Heini"]
[Result "1-0"]
[WhiteElo "2319"]
[BlackElo "2289"]
[PlyCount "83"]
[EventDate "2000.01.21"]
[EventCountry "DEN"]

1. c4 Nf6 2. Nc3 e6 3. d4 Bb4 4. e3 O-O 5. Bd3 d5 6. Nf3 c5 7. O-O Nc6 8. a3
Bxc3 9. bxc3 dxc4 10. Bxc4 Qc7 11. Ba2 b6 12. Qe2 e5 13. Rd1 e4 14. Nd2 Re8 15.
Bb2 Bg4 16. f3 Bh5 17. Qf2 Rad8 18. Nf1 Bg6 19. Ng3 Qc8 20. f4 Ne7 21. h3 c4
22. a4 a6 23. Ba3 Nfd5 24. Bxe7 Nxe7 25. Rab1 Rd6 26. Rb4 Nd5 27. Rxc4 Qd7 28.
a5 f6 29. axb6 Bf7 30. Rb1 Rxb6 31. Rxb6 Nxb6 32. Rb4 Nd5 33. Bxd5 Bxd5 34. Qc2
a5 35. Ra4 Qc7 36. c4 Bc6 37. Ra3 a4 38. Qc3 Rb8 39. d5 Rb1+ 40. Kh2 Bd7 41. c5
f5 42. c6 1-0

[Event "Copenhagen Ch"]
[Site "Copenhagen"]
[Date "2000.01.28"]
[Round "8"]
[White "Sorensen, Torben N"]
[Black "Hvenekilde, Jorgen"]
[Result "1/2-1/2"]
[WhiteElo "2319"]
[BlackElo "2266"]
[PlyCount "97"]
[EventDate "2000.01.21"]
[EventCountry "DEN"]

1. Nf3 d6 2. g3 e5 3. Bg2 Be7 4. d4 exd4 5. Nxd4 Nf6 6. c4 O-O 7. Nc3 Re8 8.
O-O Bf8 9. b3 Nbd7 10. Bb2 Nc5 11. Qc2 a5 12. Rad1 Bd7 13. h3 Qc8 14. Kh2 c6
15. Rfe1 Re5 16. Nf3 Rh5 17. h4 h6 18. Kg1 Bh3 19. Na4 Bxg2 20. Kxg2 Nxa4 21.
Bxf6 Nc5 22. Bb2 f5 23. e3 Qe8 24. Ba3 Ne4 25. Rh1 Qg6 26. Nd4 Be7 27. Ne2 Rxh4
28. f3 Rxh1 29. Rxh1 Ng5 30. Nd4 Rf8 31. Bb2 Ne6 32. Ne2 Bg5 33. Kf2 Qe8 34.
Qd3 Nc5 35. Qd4 Qe7 36. Ba3 Re8 37. Nf4 Bf6 38. Qd2 Bg5 39. Bxc5 dxc5 40. Re1
Bxf4 41. exf4 Qxe1+ 42. Qxe1 Rxe1 43. Kxe1 Kf7 44. Kf2 Kf6 45. Kg2 g5 46. Kh2
Kg6 47. Kh3 b5 48. a4 b4 49. Kg2 1/2-1/2